| 000 | 00394pab a2200157 454500 | ||
|---|---|---|---|
| 008 | 180718b1974 xxu||||| |||| 00| 0 eng d | ||
| 100 | _aSaxena, A.P. | ||
| 245 | _aIdentification of training needs: A group approah | ||
| 260 | _c1974 | ||
| 300 | _ap.98-107. | ||
| 362 | _aJan-Mar | ||
| 650 | _aTraining | ||
| 773 | _aIndian Journal of Public Administration | ||
| 908 | _aN | ||
| 909 | _a99861 | ||
| 999 |
_c99860 _d99860 |
||